[Event "Winterthur op2"]
[Site "Winterthur"]
[Date "2002.10.12"]
[Round "2"]
[White "Brauchli, Robert"]
[Black "Krebser, Ernst"]
[Result "0-1"]
[WhiteElo "1533"]
[BlackElo "1809"]
[PlyCount "72"]
[EventDate "2002.10.11"]
[EventType "swiss"]
[EventRounds "9"]
[EventCountry "SUI"]
[SourceTitle "EXT 2004"]
[Source "ChessBase"]
[SourceDate "2003.11.25"]
[SourceVersion "1"]
[SourceVersionDate "2003.11.25"]
[SourceQuality "1"]

1. Nf3 d5 2. d4 Bf5 3. g3 Nc6 4. Nc3 Nb4 5. e4 dxe4 6. Nh4 e6 7. Nxf5 exf5 8. a3 Nd5 9. Nxd5 Qxd5 10. Bg2 Nf6 11. h3 Rd8 12. Be3 c5 13. c3 cxd4 14. cxd4 Qb5 15. Qe2 Qxe2+ 16. Kxe2 Bd6 17. Rac1 0-0 18. Rhd1 Nd5 19. Rc2 Rfe8 20. Kf1 Bxg3 21. Bg5 f6 22. Bd2 Bd6 23. Rdc1 f4 24. Kg1 f3 25. Bf1 Nf4 26. Be3 g5 27. b4 Kg7 28. Rc7+ Bxc7 29. Rxc7+ Kg6 30. Rxb7 Ne2+ 31. Kh2 Nxd4 32. Bxd4 Rxd4 33. Rxa7 Rd2 34. Kg1 e3 35. fxe3 Rxe3 36. b5 Re1 0-1

[Event "Winterthur op2"]
[Site "Winterthur"]
[Date "2002.??.??"]
[Round "9"]
[White "Karrer, Peter"]
[Black "Brauchli, Robert"]
[Result "1-0"]
[WhiteElo "1822"]
[BlackElo "1533"]
[PlyCount "45"]
[EventDate "2002.10.11"]
[EventType "swiss"]
[EventRounds "9"]
[EventCountry "SUI"]
[SourceTitle "EXT 2004"]
[Source "ChessBase"]
[SourceDate "2003.11.25"]
[SourceVersion "1"]
[SourceVersionDate "2003.11.25"]
[SourceQuality "1"]

1. d4 Nf6 2. Nf3 d6 3. Nc3 c6 4. e4 g6 5. Be3 Bg7 6. Qd2 0-0 7. 0-0-0 b5 8. Bd3 a5 9. Bh6 a4 10. Bxg7 Kxg7 11. e5 Nd5 12. Nxd5 cxd5 13. Bxb5 Ra5 14. Bd3 Qb6 15. a3 Nc6 16. exd6 exd6 17. Qf4 Be6 18. c3 Rb8 19. Rd2 Qb3 20. Qxd6 Rb6 21. Ng5 Qa2 22. Nxe6+ fxe6 23. Qc7+ 1-0